01474nam a2200349 a 4500001001000000003000500010005001700015008004100032010001100073011001100084040000900095090001000104100003600114245014400150260004100294500006000335502007500395590004100470590004000511590004000551650005100591650002800642650003300670650003300703856007000736901000700806942001000813942000600823999001900829952014000848952013600988000111293CHAP20220329144205.0150128s2014 mx fsm |||||||spa d a107755 a108727 cCHAP aTesis1 aCruz Sánchez, Pascual912914013aEl tlacolol, sistema de producción tradicional de milpa, en Xochipala, Tlaquiltenango, Morelosh[En línea]cpor Pascual Cruz Sánchez. aChapingo, Méx. :bEl autor,c2014. aPara ver el contenido del material haga clic en la liga aTesis (Ing. en Agroecología) -- UACH. Departamento de Agroecología aE11695DGDb10c20150130lUCH01h0900 aE5995AHEb05c20150128lUCH01h1258 aE5995AHEb05c20150128lUCH01h125814aMaízxAspectos económicosxMorelos.97087714aMaízxMorelos.97102214aRecursos genéticos.99507814aSistemas de cultivo.9106746 aFinding aiduhttp://10.13.5.2/tesis/sist111293.pdfzTeclea aquí aBK cTESIS n0 c107755d107755 00102local4053708TESISaBCbBCcPA_TESISd2015-01-28fTESISl0oTesisp33724002443868r2019-12-31 00:00:00tc.2w2019-12-31yTESIS 00104054718TESISaBCbBCd2015-01-28fTESISl0oTesisp33724002443900r2019-12-31 00:00:00w2019-12-31yTESISzRecien adquirido